000 01667cam a22004574i 4500
003 PE-LiUPU
005 20250731173356.0
008 150706s r 000 0 d
020 _a0829736271
035 _a(Sirsi) i9780829736274
040 _aPE-LiUPU
_bspa
_cPE-LiUPU
_erda
049 _aPRUA
082 0 4 _a248.5
_bS12
_221
100 1 _aSabino, Salvador,
_eautor.
245 1 0 _aDos caminos :
_bun impactante testimonio de la gracia de Dios /
_cSalvador Sabino.
264 1 _aMiami, Florida :
_bEditorial VIDA,
_c2002.
300 _a222 páginas ;
_c22 centímetros
336 _atext
_2rdacontent
337 _aunmediated
_2rdamedia
338 _avolume
_2rdacarrier
505 0 _aTiempos -- Orígenes -- Rascacielos -- Cambios -- Libre -- Ventas -- Vicios -- Conexiones -- Asaltos -- Arrestos -- Rejas -- Opciones -- Encuentros -- Comisiones -- Las almas -- Proezas.
526 _aSEG42
526 _aSEG41
526 _aSEG40
526 _aSEG39
526 _aP94
526 _aP87
526 _aP86
526 _aP85
526 _aP77
526 _aP76
526 _aP35
650 0 4 _aVida cristiana.
910 _agl
_bjck
_d20101110
942 _2ddc
_cBOOK
949 _a248.5 S12
_wDEWEY
_c1
_i62294
_lCCODEBUL1
_mBUL
_p9.00
_r0
_sY
_tBOOK
_u2015-7-6
_xTEOLOGIA
_zUNKNOWN
_0COMPRA
_o.STAFF. Colección General
994 _aC0
_bPEPRU
596 _a1
999 _a248.5 S12
_wDEWEY
_c51364
_i62294
_d51364
_f2021-11-12
_g5
_lCCODEBUL1
_mBUL
_p9.00
_q1
_r0
_sY
_tBOOK
_u2015-7-6
_xTEOLOGIA
_zUNKNOWN
_0COMPRA
_o.STAFF. Colección General
980 _81
_gALBERTO SANCHEZ Responsable de Automatización